| 000 | 00718nam a2200181Ia 4500 | ||
|---|---|---|---|
| 008 | 220216s9999 xx 000 0 und d | ||
| 100 | _aSushamakumari S | ||
| 245 | 0 | _aSomatic embryo induction and plant regeneration from RRII 400 series clones of rubber tree (Hevea brasiliensis Muell. Arg) | |
| 260 | _bProceedings & Abstracts: St International Society Biotechnology Conference (ISBT 2008), 28-30 December 2008, Research Journal of Bio Technology and Sikkim Manipal University, India, pp75. | ||
| 520 | _aDL | ||
| 650 | _aPlant regeneration | ||
| 650 | _aRRII 400 series clones | ||
| 650 | _aSomatic embryo induction | ||
| 700 | _aDivya S Ramanan | ||
| 700 | _aSobha S | ||
| 856 | _uAbst only | ||
| 942 | _cJS | ||
| 999 |
_c68901 _d68901 |
||